Taylor Swift mystery lyrics #36 - Statistics

General Stats
  • This quiz has been taken 93 times
    72 since last reset
  • The average score is 187 of 264
Answer Stats
Answer % Correct
a
100%
I
100%
the
100%
it
98%
It
98%
me
98%
we
98%
We
98%
you
98%
and
95%
And
95%
to
95%
in
93%
your
93%
I'm
91%
my
91%
was
91%
that
89%
where
89%
go
87%
on
87%
when
87%
all
85%
like
85%
this
85%
know
84%
were
84%
if
82%
there
82%
with
82%
don't
80%
But
78%
but
78%
for
78%
Never
78%
never
78%
not
78%
had
76%
just
76%
of
76%
time
75%
day
71%
first
69%
right
69%
see
69%
back
67%
Back
67%
been
67%
our
67%
down
65%
face
65%
every
64%
how
64%
took
64%
Took
64%
now
62%
off
60%
good
58%
stood
58%
think
58%
New
56%
new
56%
way
56%
girl
55%
gonna
55%
got
55%
ground
55%
holy
55%
light
55%
other
55%
room
55%
about
53%
looking
53%
through
53%
dance
51%
dancing
51%
darling
51%
than
51%
we've
51%
away
49%
wanna
49%
Yeah
49%
green
47%
something
47%
crowd
45%
perfect
45%
apart
44%
big
44%
ourselves
44%
reminiscing
44%
usual
44%
York
44%
city
42%
dress
42%
guess
42%
left
42%
lose
42%
made
42%
brand
40%
need
40%
page
40%
Tonight
40%
already
38%
fall
38%
faster
38%
alone
36%
Lord
36%
wide
36%
wonder
36%
fit
35%
note
35%
rhyme
35%
sometimes
35%
Spinning
35%
conversation
33%
dust
33%
joke
33%
sound
33%
story's
33%
we'd
33%
coffee
31%
door
31%
poems
31%
while
31%
having
29%
skip
29%
feeling
25%
noise
25%
blocked
24%
glance
24%
No matching quizzes found
Score Distribution
Percent of People with Each Score
Percentile by Number Answered
Your Score History
You have not taken this quiz since the last reset